000 00450nam a2200181Ia 4500
001 3294
005 20260306145633.0
008 260306t2007||||xx |||||||||||||| ||spa||
041 _aESP
082 _a267.3
_bN59
100 _aNínive, Isaac de
_eAUT
245 0 _aEl don de la humildad:
_bitinerario para la vida espiritual
260 _c2007
300 _a198 páginas :
_c21 cm.
650 _aGEN
654 _aCHU
942 _cLIB
_dJUS
_fJUS
_2ddc
_n
999 _c3294
_d3294